000
00233nam a22000857a 4500
008
161125b xxu||||| |||| 00| 0 eng d
100
_9
1444
_a
National Disaster Management
245
_a
Oliver twist text book ix
260
_a
Delhi
_b
CBSE
_c
2007
999
_c
4168
_d
4168